000 00657nam a22002177a 4500
003 UA-OsUOA
001 37054
007 ta
008 20060222b un ||||| |||| 00| 0 ukr d
100 _aКульчицький С.
090 _a94)477)
_bК11
942 _cSA
040 _aUA-OsUOA
_bukr
_cUA-OsUOA
_dUA-OsUOA
245 _aРоковини культу. ХХ з'їзд КПРС: переломний пункт в історії радянського комунізму
300 _aС.1, 4
955 _a0
041 _aukr
080 _a94)477)
773 0 _w37052
650 7 _a9 Географія. Біографії. Історія
_2UDC
999 _c323280
_d323280